|
|
|
|
| LEADER |
00777ncm a22002172a 4500 |
| 001 |
001134438 |
| 003 |
CZ BrMZK |
| 005 |
20110107134705.0 |
| 007 |
qu |
| 008 |
110107s1900 gw |||||||||||||||||fre d |
| 040 |
|
|
|a BOA001
|b cze
|
| 041 |
0 |
|
|a fre
|a ger
|
| 072 |
|
7 |
|a 782
|x Divadelní hudba. Opera, opereta, muzikál
|2 Konspekt
|9 9
|
| 100 |
1 |
|
|a Méhul, Etienne Nicolas,
|d 1763-1817
|7 ola2002146849
|4 cmp
|
| 245 |
1 |
0 |
|a Joseph
|h [hudebnina] :
|b opera en trois actes : partition complete pour chant et piano /
|c de H.E. Méhul
|
| 260 |
|
|
|a Brauschweig
|b Henry Litolff's Verlag,
|c [1900?[
|
| 300 |
|
|
|a 1 partitura (112 s.)
|
| 910 |
|
|
|a BOA001
|b Mus2-0170.141
|
| 990 |
|
|
|a MU
|
| 991 |
|
|
|b 201101
|
| 996 |
6 |
|
|b 2619349425
|c Mus2-0170.141
|l MZK
|r Sklad / do 1 hodiny
|n 0
|w 001163654
|u 000010
|a 1
|e BOA001
|j MZK50
|s P
|